The great short stories

Gespeichert in:
Bibliographische Detailangaben
1. Verfasser: Maupassant, Guy de
Format: Buch
Sprache:Undetermined
Veröffentlicht: Estados Unidos The Pocket Library [s.f.]
Schlagworte:
Tags: Tag hinzufügen
Keine Tags, Fügen Sie den ersten Tag hinzu!

MARC

LEADER 00000nam a2200000Ia 4500
008 170316s9999 xx 000 0 und d
040 |a cru BVZT 
090 |a 840 M-14g 
100 |a Maupassant, Guy de 
245 4 |a The great short stories 
260 |a Estados Unidos 
260 |b The Pocket Library 
260 |c [s.f.] 
300 |a 414 páginas 
650 |a LITERATURA FRANCESA 
999 |c 7785  |d 7785 
942 |c 15 D  |h 840 M-14g  |2 z